[Event "Vezerkepzo GM November 2021"]
[Site "Budapest"]
[Date "2021.11.23"]
[Round "6.4"]
[White "Juhasz, Agoston"]
[Black "Souhardo Basak"]
[Result "1-0"]
[WhiteElo "2379"]
[BlackElo "2382"]
[Annotator "TA"]
[PlyCount "149"]
[EventDate "2021.11.20"]
[EventType "tourn"]
[EventCountry "HUN"]
[SourceTitle "playchess.com"]
[Source "ChessBase"]
[SourceQuality "1"]

{[%evp 12,149,21,5,15,25,13,4,9,-7,0,-10,18,21,100,95,93,103,120,121,140,134,150,139,181,181,187,211,204,196,238,114,91,82,141,129,147,45,54,31,40,29,498,536,496,485,622,365,367,330,344,239,254,241,178,87,70,77,90,0,0,0,92,0,57,67,475,428,468,447,872,703,693,693,597,0,677,698,677,706,706,704,690,690,658,667,692,685,660,630,693,614,1023,866,826,802,1010,983,1279,1232,1822,1772,1772,1695,1611,1592,1300,1267,1353,1495,1367,1318,1286,1160,1085,952,906,902,4736,4404,1880,1712,29986,29979,29960,749,29979,937,859,599,592,584,29985,29986,29986,29986,29985,29986,29989,29990]} 1. e4 c5 2. Nf3 d6 3. d4 cxd4 4. Nxd4 Nf6 5. Nc3 a6 6. Bg5 Nbd7 7. Bc4 {7.Qe2 is a critical line.} Qb6 {B94: Sicilian Najdorf: 6 Bg5 Nbd7.} 8. Bb3 e6 9. Qd2 Be7 {The position is equal.} 10. O-O-O Nc5 11. Rhe1 {Strongly threatening Nf5!} Qc7 12. f4 $36 {[%mdl 2048] [#] White wants to play e5. White has some pressure.} Nxb3+ $146 (12... h6 $11 13. Bxf6 Bxf6) ({Predecessor:} 12... h6 13. e5 hxg5 14. exf6 Bxf6 15. Nd5 Qd8 16. Nxf6+ Qxf6 17. fxg5 Qg6 18. Nf3 Ne4 {1-0 (62) Dominguez Perez,L (2758)-Hong,A (2444) Chess.com INT 2020}) 13. Nxb3 $16 h6 14. Bxf6 gxf6 15. Re3 Bd7 16. Rde1 Kd8 17. f5 b5 18. Ne2 a5 19. fxe6 $1 fxe6 20. Nf4 b4 21. Rd1 (21. Nd4 $18 Qc4 22. b3) 21... Rg8 22. Kb1 Qc4 (22... Qc8 $142) 23. Rd3 Ra6 24. Rd4 (24. Qf2 $16) 24... Qc8 $14 25. Qd3 e5 $1 {[%cal Re5f4]} 26. Rc4 Qb7 {[%mdl 8192]} (26... Rc6 $1 $11 27. Rxc6 Bxc6) 27. Nd5 $18 Bb5 {[#]} 28. Rc7 $1 {[%mdl 512]} Qb8 (28... Qc6 29. Qd2) 29. Qf3 Qxc7 30. Nxc7 Kxc7 31. c4 Bxc4 32. Rc1 Rc6 {[#]} 33. Nxa5 (33. Rxc4 $1 $18 {[%mdl 512] is more deadly.} Rxc4 34. Qd3) 33... Bxa2+ $16 34. Kxa2 Rxc1 {[#]} 35. Qb3 (35. Kb3 $1 $16) 35... Ra8 (35... Rb8 {keeps more tension.} 36. Qa4 Rc5 37. Nb3 Rc2 38. Qa7+ Rb7) 36. Qxb4 {aiming for Qb7+.} Ra7 {[#]} (36... Rc8 $11 {keeps the balance.}) 37. Qa4 (37. Qd2 $1 $16 {[%cal Rd2c1]} Rh1 38. Qc2+ Kb8 39. Qa4) 37... Bd8 (37... Kb6 $11 38. Qb4+ Kc7) 38. b4 $14 d5 $2 {[%mdl 8192] Black is on the road to losing.} ({Black should play} 38... Kc8 $14) 39. Kb2 Rc4 {Threatens to win with ...Be7.} 40. Qb5 Rxa5 (40... Be7 $142 41. Nxc4 dxc4 42. Qxc4+ Kb8 43. Qg8+ Kb7) 41. Qxa5+ $18 {[%mdl 4096] Endgame KQ-KRB} Kc8 42. Qa8+ Kc7 43. Qa5+ Kc8 44. Qa6+ Kc7 45. b5 Rxe4 46. b6+ Kd7 47. Qb5+ {[%mdl 64] Double Attack} Kd6 48. b7 Bc7 49. b8=Q Bxb8 50. Qxb8+ {KQ-KR} Kc5 {Hoping for ...Rb4+.} 51. Kc3 d4+ 52. Kd2 Rf4 53. Ke2 Re4+ 54. Kd3 Re3+ 55. Kd2 Kd5 56. Qa8+ Ke6 57. Qg8+ Kf5 58. Qh7+ Ke6 59. Qxh6 Ra3 60. Qg6 Ra2+ 61. Kd3 {Black must now prevent Qg8+.} Ra3+ 62. Ke2 Ra2+ 63. Kf3 {Qg8+ is the strong threat.} Ra3+ 64. Kg4 Re3 65. Qg8+ Kd6 66. Kf5 d3 67. Qd8+ Kc5 68. Qc7+ (68. Ke6 $142 Kb5 69. Qb8+ Kc6 70. Qa8+ Kb6 71. Qd5 d2 72. Qxd2 Rb3 73. Kxf6) 68... Kd5 69. Qd7+ (69. Qc3 $142 e4 70. Qa5+ Kc4 71. Qc7+ Kb5 72. Qb7+ Kc4 73. Qc6+ Kd4 74. Qb6+ Kd5 75. Qxe3) 69... Kc4 70. Qc6+ Kb3 {Now ...d2 and Black clings on.} 71. Qb6+ {[%mdl 64] Double Attack} Kc2 72. Qxe3 {White mates.} d2 73. Qc5+ Kd3 74. Qd5+ Ke2 75. Qf3+ {Weighted Error Value: White=0.37/Black=0.53} 1-0

[Event "Vezerkepzo GM November 2021"]
[Site "Budapest"]
[Date "2021.11.23"]
[Round "6.5"]
[White "Murphy, Conor E"]
[Black "Chakravarthi Reddy, M."]
[Result "1-0"]
[WhiteElo "2421"]
[BlackElo "2332"]
[Annotator "RC"]
[PlyCount "81"]
[EventDate "2021.11.20"]
[EventType "tourn"]
[EventCountry "HUN"]
[SourceTitle "playchess.com"]
[Source "ChessBase"]
[SourceQuality "1"]
[TimeControl "40/5400+30:1800+30"]

1. e4 {[%emt 0:02:35]} e6 {[%emt 0:00:12]} 2. d4 {[%emt 0:00:18]} d5 {[%emt 0:00:02]} 3. Nc3 {[%emt 0:00:11]} Nf6 {[%emt 0:00:03]} 4. Bg5 {[%emt 0:00:17]} Be7 {[%emt 0:00:03]} 5. e5 {[%emt 0:00:07]} Nfd7 {[%emt 0:00:03]} 6. h4 {[%emt 0:00:19]} Nc6 {[%emt 0:00:04]} 7. Qd2 {[%emt 0:01:41]} f6 {[%emt 0:01:46]} 8. exf6 {[%emt 0:00:39]} Nxf6 {[%emt 0:00:04]} 9. O-O-O {[%emt 0:00:19]} O-O {[%emt 0:00:04]} 10. Kb1 {[%emt 0:00:18]} a6 {[%emt 0:01:05]} 11. Nh3 {[%emt 0:03:13]} Qe8 {[%emt 0:00:11]} 12. Re1 {[%emt 0:07:33]} b5 {[%emt 0:03:49]} 13. f3 {[%emt 0:05:22]} b4 {[%emt 0:00:52]} 14. Ne2 {[%emt 0:04:56]} h6 {[%emt 0:02:18]} 15. Bf4 {[%emt 0:08:06]} Na5 {[%emt 0:00:29]} 16. b3 {[%emt 0:09:26]} c5 {[%emt 0:21:35]} 17. g4 {[%emt 0:03:25]} Nd7 {[%emt 0:22:24]} 18. g5 {[%emt 0:06:06]} h5 {[%emt 0:00:50]} 19. Bc7 {[%emt 0:00:45]} Nc6 {[%emt 0:01:28]} 20. Nhf4 {[%emt 0:00:17]} Rxf4 {[%emt 0:34:49]} 21. Nxf4 {[%emt 0:11:40]} Nf8 {[%emt 0:00:08]} 22. dxc5 {[%emt 0:05:57]} Bxc5 {[%emt 0:01:08]} 23. Qxd5 {[%emt 0:05:33]} Bf2 {[%emt 0:06:39]} 24. Re2 {[%emt 0:00:45]} Ra7 {[%emt 0:00:02]} 25. Qd1 {[%emt 0:06:47]} Bc5 {[%emt 0:00:43]} 26. Be5 {[%emt 0:05:16]} Rd7 {[%emt 0:01:17]} 27. Nd3 {[%emt 0:02:18]} Bd4 {[%emt 0:00:06]} 28. Qc1 {[%emt 0:02:33]} a5 {[%emt 0:00:29]} 29. Re1 {[%emt 0:02:14]} Ng6 {[%emt 0:00:43]} 30. Bxd4 {[%emt 0:00:28]} Rxd4 {[%emt 0:00:15]} 31. f4 {[%emt 0:00:37]} Nce7 {[%emt 0:00:20]} 32. Bg2 {[%emt 0:00:56]} a4 {[%emt 0:01:03]} 33. Re4 {[%emt 0:00:23]} Qd8 {[%emt 0:00:45]} 34. Nxb4 {[%emt 0:01:44]} Bb7 {[%emt 0:00:50]} 35. Rxd4 {[%emt 0:00:14]} Qxd4 {[%emt 0:00:02]} 36. c3 {[%emt 0:01:33]} Qb6 {[%emt 0:00:12]} 37. Bxb7 {[%emt 0:00:33]} Qxb7 {[%emt 0:00:03]} 38. Re1 {[%emt 0:00:31]} axb3 {[%emt 0:00:03]} 39. axb3 {[%emt 0:00:19]} Nxh4 {[%emt 0:00:13]} 40. Qe3 {[%emt 0:00:00]} Nhf5 {[%emt 0:00:00]} 41. Qxe6+ {[%emt 0:03:32]} 1-0

[Event "Vezerkepzo GM November 2021"]
[Site "Budapest"]
[Date "2021.11.24"]
[Round "7.1"]
[White "Chakravarthi Reddy, M."]
[Black "Pap, Misa"]
[Result "0-1"]
[WhiteElo "2332"]
[BlackElo "2377"]
[Annotator "TA"]
[PlyCount "70"]
[EventDate "2021.11.20"]
[EventType "tourn"]
[EventCountry "HUN"]
[SourceTitle "playchess.com"]
[Source "ChessBase"]
[SourceQuality "1"]

{[%evp 15,70,22,31,19,18,19,27,8,22,10,12,0,20,0,25,25,12,19,35,7,41,0,0,-105,-101,-195,-200,-320,-337,-323,-358,-340,-322,-456,-451,-427,-315,-413,-378,-445,-416,-491,-432,-427,-428,-502,-520,-620,-489,-614,-606,-592,-601,-641,-624,-620,-591]} 1. d4 Nf6 2. c4 e6 3. Nf3 Bb4+ 4. Bd2 c5 5. Bxb4 cxb4 6. g3 O-O 7. Bg2 a5 8. O-O d6 9. Re1 {E11: Bogo-Indian.} Qc7 10. Nbd2 {[#]} b6 $146 ({Predecessor:} 10... e5 11. e3 Nc6 12. Rc1 Bg4 13. h3 Bxf3 14. Nxf3 Rfe8 15. c5 Rad8 16. cxd6 Rxd6 {1-0 (50) Eingorn,V (2557)-Skembris,S (2422) Bad Wiessee 2008}) 11. a3 {White has an edge.} Na6 12. e4 e5 13. h3 Be6 14. a4 Rac8 15. b3 Rce8 16. Nf1 g6 17. Qd2 Bc8 18. Rad1 Bb7 19. Qh6 (19. Qc2 $11) 19... Nxe4 $17 {Black converts the advantage convincingly.} ({Stronger than} 19... Bxe4 20. Ng5 $16) 20. dxe5 (20. Nxe5 $17 {is a better defense.} dxe5 21. Bxe4 exd4 22. Bxb7 Rxe1 23. Rxe1 Qxb7 24. Qh4) 20... dxe5 $19 21. Nh4 (21. Rxe4 $142 Bxe4 22. Ng5) 21... Nac5 22. Ne3 {White hopes to continue with Nef5.} f6 ({Weaker is} 22... Nxb3 23. Nef5 $11) 23. Bxe4 Bxe4 24. Nd5 (24. f3 {was called for.} Ba8 25. Ng4) 24... Bxd5 25. cxd5 Rd8 26. d6 Qf7 27. Re3 Rd7 28. g4 Qg7 {Black is clearly winning.} 29. Qxg7+ Kxg7 30. g5 Rfd8 31. Rd5 e4 32. gxf6+ Kxf6 33. f3 Rxd6 34. Rxd6+ Rxd6 35. fxe4 {[#] e5+ is the strong threat.} Ke5 {Weighted Error Value: White=0.49/Black=0.15} 0-1

[Event "Vezerkepzo GM November 2021"]
[Site "Budapest"]
[Date "2021.11.24"]
[Round "7.2"]
[White "Souhardo Basak"]
[Black "Murphy, Conor E"]
[Result "1/2-1/2"]
[WhiteElo "2382"]
[BlackElo "2421"]
[Annotator "TA"]
[PlyCount "90"]
[EventDate "2021.11.20"]
[EventType "tourn"]
[EventCountry "HUN"]
[SourceTitle "playchess.com"]
[Source "ChessBase"]
[SourceQuality "1"]

{[%evp 22,90,13,10,25,12,14,23,25,8,10,8,43,16,50,8,32,0,0,-56,-17,-54,0,0,23,8,13,-23,-30,0,0,-29,-21,-54,-54,-52,-63,-91,-93,-89,-86,-93,-79,-107,-116,-93,-50,-183,-182,-171,-169,-278,-241,-296,-309,-457,-435,-435,-66,-50,-26,-52,0,0,0,0,0,0,0,0,0]} 1. e4 e5 2. Nf3 Nc6 3. Bb5 a6 4. Ba4 Nf6 5. O-O Be7 6. Re1 b5 7. Bb3 O-O 8. a4 Bb7 9. d3 d6 10. Bd2 Qd7 11. Nc3 {[%cal Bb1c3,Bc3e2,Be2g3,Bg3f5][%mdl 32]} Na5 12. Ba2 b4 $1 {[%mdl 4] is now more promising than 12...c5. C88: Closed Ruy Lopez: Anti-Marshall Systems.} 13. Ne2 c5 $1 14. Ng3 Rab8 {White has an edge.} 15. Nf5 Bc8 16. c3 b3 17. Bb1 Qc7 18. N3h4 Bd8 {[#]} 19. Qf3 $146 ({Predecessor:} 19. d4 g6 20. Nh6+ Kg7 21. Bd3 Ng8 22. Nxg8 Rxg8 23. Nf3 Re8 24. Be3 Bf6 25. d5 {1-0 (82) Bjerre,J (2529)-Andersen,M (2601) Germany 2020}) 19... Kh8 20. Bg5 ({Not} 20. Qg3 $2 g6 $19) (20. Qe2 $11) 20... Ne8 21. Qg3 Bxg5 (21... f6 $15 22. Bc1 g6) 22. Qxg5 $11 f6 23. Qh5 Qf7 24. Qe2 g6 $36 {[%mdl 2048] Black is pushing.} 25. Ne3 Nc7 26. g3 Ne6 27. Nc4 Nxc4 28. dxc4 Ng5 29. Qd2 Be6 30. Bd3 Bxc4 31. Rad1 Rbd8 32. Qe2 Bxd3 33. Qxd3 c4 34. Qe3 (34. Qd5 $15) 34... d5 $19 35. exd5 Rxd5 36. Qb6 (36. Nf3 $142 Nxf3+ 37. Qxf3) 36... Qd7 37. Rxd5 Qxd5 38. Qxa6 (38. Kf1 $142) 38... Nh3+ 39. Kf1 g5 $2 {[#]} (39... Qh1+ $19 40. Ke2 Ng1+ 41. Rxg1 Qxg1) 40. Ng2 $15 Qd3+ 41. Re2 Ng1 42. Kxg1 $11 {The position is equal.} Qxe2 43. Qd6 {[%cal Rd6f8] [#]} Rf7 44. Ne3 $1 Qd3 45. Qe6 Qb1+ {Whites escaped into a draw.  Weighted Error Value: White=0.30/Black=0.32} 1/2-1/2

[Event "Vezerkepzo GM November 2021"]
[Site "Budapest"]
[Date "2021.11.24"]
[Round "7.3"]
[White "Manish Anto Cristiano F"]
[Black "Juhasz, Agoston"]
[Result "1-0"]
[WhiteElo "2371"]
[BlackElo "2379"]
[Annotator "TA"]
[PlyCount "85"]
[EventDate "2021.11.20"]
[EventType "tourn"]
[EventCountry "HUN"]
[SourceTitle "playchess.com"]
[Source "ChessBase"]
[SourceQuality "1"]

{[%evp 25,85,37,53,33,16,14,12,16,16,16,23,19,20,0,108,83,162,162,152,102,77,30,114,136,126,76,78,55,107,92,242,231,240,213,393,392,391,391,388,385,375,370,403,394,423,418,635,649,577,349,309,48,272,0,12834,529,29989,12838,12838,12838,12838,12838]} 1. e4 c5 2. Nf3 d6 3. d4 cxd4 4. Nxd4 Nf6 5. Nc3 g6 6. Be3 Bg7 7. f3 O-O 8. Qd2 Nc6 9. O-O-O d5 10. exd5 Nxd5 11. Nxc6 bxc6 12. Bd4 e5 13. Bc5 Re8 14. Bc4 {[%cal Rc3d5] B76: Sicilian Dragon: Yugoslav Attack, 9 g4 and 9 0-0-0.} Be6 15. Nxd5 cxd5 16. Bxd5 {[#] The position is equal.} Qc7 $146 ({Predecessor:} 16... Bxd5 17. Qxd5 Qc7 18. Bd6 Qb6 19. Bc5 Qb5 20. Kb1 Rab8 21. Ba3 Qb6 22. Qc5 Qb7 {1-0 (35) Godzwon,I (2317)-Chumpitaz Carbajal,A (2244) Chess.com INT 2020}) 17. Bxa8 {aiming for Bd6.} Qxc5 18. Be4 {Threatens to win with b3.} Bxa2 19. Bd5 Qf8 20. f4 (20. Bxa2 Bh6 $14) (20. g4 {seems wilder.} Bh6 21. g5 Bxd5 22. Qxd5 Bxg5+ 23. Kb1) 20... Bxd5 (20... Bh6 $16 {was called for.}) 21. Qxd5 $18 Qb4 22. Qd2 Qa4 {[%cal Ra4a1]} 23. Qd7 (23. c3 {with more complications.} exf4 24. Kb1 Rb8 25. Qc2 Qa5 26. Rd3) 23... Qxf4+ (23... Qa1+ $1 $11 {remains equal.} 24. Kd2 Qa5+ 25. Ke2 Rb8) 24. Kb1 $16 Rf8 25. Qxa7 e4 26. Qb6 Qg5 (26... e3 $14 27. g3 Qg5) 27. g3 Qe7 (27... h5 $16) 28. Rhe1 $18 Ra8 29. Rd5 Qe8 $2 (29... h5 30. c3 Kh7) 30. Red1 {Strongly threatening Rd8.} Bf8 31. Rd8 Rxd8 32. Rxd8 {[%mdl 4096] Endgame KQR-KQB} ({Less strong is} 32. Qxd8 Qb5 $18) 32... Qe7 33. Qb8 {Re8! is the strong threat.} f5 34. Re8 Qf6 35. Qc7 h5 (35... Qf7 $142 36. Qc6 Qa7) 36. b4 Qf7 37. Qb8 {Black must now prevent b5.} Kg7 38. b5 $2 (38. Qe5+ $18 Kh7 39. Rc8) 38... Qc4 $2 {[#]} 39. Qe5+ $2 (39. Qa7+ $1 $18 Kh6 40. Qe3+ (40. Rxf8 Qb4+ {[%mdl 64] Double Attack} 41. Kc1 Qe1+ 42. Kb2 Qb4+ {[%mdl 64] Double Attack} 43. Ka2 Qc4+ 44. Ka3 Qc3+ 45. Ka2 Qc4+ 46. Kb2 Qb4+ {[%mdl 64] Double Attack} 47. Kc1 Qe1+ 48. Kb2 Qb4+ $11 {[%mdl 64] Double Attack}) 40... Kh7 41. Rxf8 Qb4+ 42. Kc1 Qxf8 43. b6) 39... Kf7 $2 {[%mdl 8192] [#]} (39... Kh7 $11) 40. Ra8 (40. Rxf8+ $142 $1 {[%mdl 512]} Kxf8 41. b6) 40... Bc5 41. Qc7+ (41. Qe8+ $142 Kg7 42. Qh8+ Kf7 43. Qg8+ Kf6 44. Ra6+ Ke5 45. Qxc4 Bd6 46. Qc3+ Ke6 47. Qc7) 41... Ke6 42. Re8+ Kf6 {[#]} 43. Rf8+ $1 {[%mdl 576] Pin.  Weighted Error Value: White=0.76/Black=0.69} 1-0

[Event "Vezerkepzo GM November 2021"]
[Site "Budapest"]
[Date "2021.11.24"]
[Round "7.4"]
[White "Prraneeth Vuppala"]
[Black "Kovalev, Andrei"]
[Result "1-0"]
[WhiteElo "2275"]
[BlackElo "2501"]
[Annotator "TA"]
[PlyCount "105"]
[EventDate "2021.11.20"]
[EventType "tourn"]
[EventCountry "HUN"]
[SourceTitle "playchess.com"]
[Source "ChessBase"]
[SourceQuality "1"]

{[%evp 18,105,52,51,40,50,62,66,106,50,40,58,102,91,114,36,45,45,83,66,92,89,113,114,205,86,85,81,97,102,95,99,83,82,113,85,59,51,61,66,83,48,131,123,139,157,210,152,205,201,187,176,225,125,115,100,86,86,85,81,83,117,186,181,232,234,239,262,230,176,168,217,225,218,209,192,283,294,294,210,378,361,761,680,29968,29965,29970,29970,29985,29986]} 1. d4 Nf6 2. c4 c5 3. d5 g6 4. Nc3 Bg7 5. e4 d6 6. Nge2 O-O 7. Ng3 e6 8. Be2 exd5 9. cxd5 a6 {9...Re8 is more fashionable.} 10. a4 Re8 {A65: Modern Benoni: 6 e4.} 11. O-O h5 {...h4 is the strong threat.} 12. Bg5 Qb6 {White is slightly better.} 13. Qc2 ({White should play} 13. a5 $16 Qc7 14. Qd2) 13... Nbd7 $14 {[#]} 14. Rfe1 $146 ({Predecessor:} 14. Rab1 Ne5 15. Rfc1 Qc7 16. h3 Nh7 17. Be3 h4 18. Nf1 f5 19. b4 b6 20. Qd2 fxe4 {1-0 (60) Vestby Ellingsen,M (2447)-Sjoberg,I (2075) Oslo 2018}) 14... Ne5 15. h3 Rb8 16. Kh2 (16. Nf1 $16) 16... Qc7 17. Qd2 Nh7 18. Bh4 f6 19. f4 Bh6 20. Rf1 Qg7 21. Qc2 (21. Qe1 $18 {has better winning chances.}) 21... Bxf4 $16 {[%mdl 64] Decoy} 22. Rxf4 {Black must now prevent Rf2.} g5 23. Nxh5 Qh6 24. Rf2 gxh4 25. Raf1 {[%cal Rf2f6]} Rf8 26. Qb3 {Threatens to win with Qb6.} b5 27. axb5 axb5 28. Nd1 (28. Nxb5 $2 Bd7 $19) 28... Kh8 29. Ne3 c4 (29... Bd7 $14) 30. Qc3 Rf7 31. Qd4 Qg6 (31... Ra8 $16 32. Kg1 Ra2) 32. Rf4 Qg5 (32... Qh6 $16 33. Rxh4 Ng6) 33. Nf5 $1 $18 Bxf5 34. Rxf5 Qg6 {[#]} 35. Qf2 ({Better is} 35. R1f4 $1 $18) 35... Rg8 $16 36. Rf4 (36. Nxf6 $6 Nxf6 37. Rxf6 Rxf6 $11) 36... Nd3 37. Bxd3 {Hoping for Be2.} Qxh5 38. Be2 Qe5 39. Bg4 (39. Qxh4 $6 Qxb2 40. Bg4 c3 $11) 39... Rfg7 (39... Rxg4 $16 40. hxg4 Ng5) 40. Kh1 $18 (40. Qxh4 $6 Qxb2 41. Rxf6 Qe5+ 42. Kh1 Qxe4 $16) 40... Rg6 (40... b4 $142 41. Rc1 (41. Qxh4 Qxb2 42. Rxf6 Qd2 $18) 41... c3) 41. Rg1 ({Resist} 41. Qxh4 $6 Qxb2 42. Rf5 Rf8) 41... Ra8 42. Bf5 Rh6 43. Rxh4 Rxh4 44. Qxh4 {[%csl Gf5][%cal Rh4h7]} Ra7 45. Qf2 Ra6 46. Qe2 $40 {[%mdl 128] White goes for the king.} Ra7 {[#]} (46... Kg8 {is a better defense.} 47. Qg4+ (47. Qh5 Nf8 $16) 47... Kh8) 47. Qe3 $1 {[%cal Re3a7]} Qe7 48. Bxh7 Qxh7 (48... Kxh7 49. Rf1 Ra2) 49. Rf1 Kg8 $2 (49... Rf7 50. Rf4 Qh6) 50. Rxf6 Qg7 {aiming for ...Ra1+.} 51. Rf5 {White mates.} Ra1+ 52. Kh2 Qxb2 53. Qg3+ {Weighted Error Value: White=0.14/Black=0.34} 1-0

[Event "Vezerkepzo GM November 2021"]
[Site "Budapest"]
[Date "2021.11.24"]
[Round "7.5"]
[White "Nitish Belurkar"]
[Black "Karthik Venkataraman"]
[Result "1/2-1/2"]
[WhiteElo "2362"]
[BlackElo "2491"]
[Annotator "TA"]
[PlyCount "90"]
[EventDate "2021.11.20"]
[EventType "tourn"]
[EventCountry "HUN"]
[SourceTitle "playchess.com"]
[Source "ChessBase"]
[SourceQuality "1"]

{[%evp 21,90,21,19,20,22,16,21,27,27,0,0,0,0,0,0,0,0,0,0,0,0,-1,0,0,0,0,0,-6,-6,-6,-7,-7,0,0,0,-3,0,0,0,0,0,0,0,0,0,-9,-3,-8,0,0,0,0,0,0,0,0,0,0,0,0,0,0,0,0,0,0,0,0,0,0,0]} 1. e4 e5 2. Nf3 Nc6 3. Bb5 a6 4. Ba4 Nf6 5. O-O Be7 6. Re1 b5 7. Bb3 d6 8. c3 O-O 9. h3 Nb8 10. d4 Nbd7 11. Nbd2 c5 12. Nf1 {C95: Closed Ruy Lopez: Breyer Variation with 10 d4.} Re8 13. Ng3 Bf8 14. a4 Bb7 15. Bc2 (15. d5 {is more complex.} c4 16. Bc2 g6 17. Bg5 Nc5 18. Qd2) 15... exd4 {The position is equal.} 16. cxd4 cxd4 17. axb5 axb5 18. Rxa8 {[#]} Qxa8 $146 ({Predecessor:} 18... Bxa8 19. Qxd4 d5 20. e5 Ne4 21. Nxe4 dxe4 22. Bg5 f6 23. exf6 gxf6 24. Bb3+ Kg7 {½-½ (69) Munkhzul,T (2332)-Olde,M (2205) New Delhi 2019}) 19. Nxd4 Qa5 20. Nb3 Qc7 21. Nd4 Qb6 22. Be3 d5 {[%cal Rd5e4]} 23. Ndf5 Qa5 24. exd5 g6 ({Don't go for} 24... Nxd5 $2 25. Nh6+ Kh8 26. Nxf7+ Kg8 {[#]} 27. Ne4 $1 $18) 25. Bd2 Rxe1+ 26. Qxe1 Qc7 27. Ne3 Nxd5 28. Be4 Nf4 29. Ng4 h5 30. Bxf4 Qxf4 31. Bxb7 {[#] Black must now prevent Ne3.} hxg4 32. hxg4 Ne5 33. Qe2 (33. Ne4 {keeps more tension.} Nxg4 34. g3 Qh6 35. Qc3 Qh2+ 36. Kf1) 33... Nxg4 {...Bc5! is the strong threat.} 34. Bf3 Nxf2 35. Qxf2 Qc1+ 36. Kh2 $1 {Hoping for Ne2.} Bc5 37. Qe2 {[%cal Re2e8] And now Qe8+ would win.} Qh6+ 38. Nh5 gxh5 39. Bxh5 Kf8 (39... Qg5 {looks sharper.} 40. Qe8+ Kg7 41. Qxf7+ Kh6 42. g4 Bd6+) 40. g3 Qc1 (40... Bd6 {is interesting.} 41. Kg2 Qg7 42. Qf2 Qh7 43. Qf3 Qc2+) 41. b3 Qg1+ 42. Kh3 Qh1+ 43. Kg4 Qd5 44. Qf3 Qe6+ 45. Qf5 Qxf5+ {Not much happened in this game.  Weighted Error Value: White=0.02/Black=0.01} 1/2-1/2

[Event "Vezerkepzo GM November 2021"]
[Site "Budapest"]
[Date "2021.11.26"]
[Round "8.1"]
[White "Pap, Misa"]
[Black "Karthik Venkataraman"]
[Result "0-1"]
[WhiteElo "2377"]
[BlackElo "2491"]
[Annotator "RC"]
[PlyCount "118"]
[EventDate "2021.11.20"]
[EventType "tourn"]
[EventCountry "HUN"]
[SourceTitle "playchess.com"]
[Source "ChessBase"]
[SourceQuality "1"]
[TimeControl "40/5400+30:1800+30"]

1. e4 {[%emt 0:02:00]} e6 {[%emt 0:00:58]} 2. d4 {[%emt 0:00:02]} d5 {[%emt 0:00:05]} 3. e5 {[%emt 0:04:13]} c5 {[%emt 0:00:24]} 4. c3 {[%emt 0:00:31]} Nc6 {[%emt 0:00:04]} 5. Nf3 {[%emt 0:00:00]} Qb6 {[%emt 0:00:03]} 6. Bd3 {[%emt 0:00:00]} cxd4 {[%emt 0:00:07]} 7. O-O {[%emt 0:00:00]} Bd7 {[%emt 0:00:13]} 8. Re1 {[%emt 0:00:01]} Nge7 {[%emt 0:05:09]} 9. h4 {[%emt 0:00:02]} h6 {[%emt 0:03:41]} 10. a3 {[%emt 0:01:09]} Rc8 {[%emt 0:05:52]} 11. b4 {[%emt 0:00:01]} a6 {[%emt 0:02:51]} 12. Bb2 {[%emt 0:00:02]} Na5 {[%emt 0:15:17]} 13. cxd4 {[%emt 0:20:14]} Nc4 {[%emt 0:00:16]} 14. Bc3 {[%emt 0:00:21]} Nf5 {[%emt 0:00:47]} 15. Nbd2 {[%emt 0:13:59]} Nxd2 {[%emt 0:16:11]} 16. Qxd2 {[%emt 0:00:11]} Be7 {[%emt 0:00:03]} 17. h5 {[%emt 0:11:40]} Bb5 {[%emt 0:02:08]} 18. Bxf5 {[%emt 0:08:11]} exf5 {[%emt 0:00:06]} 19. e6 {[%emt 0:00:26]} fxe6 {[%emt 0:00:50]} 20. a4 {[%emt 0:00:06]} Bd7 {[%emt 0:03:29]} 21. b5 {[%emt 0:15:29]} O-O {[%emt 0:02:37]} 22. Ba5 {[%emt 0:00:31]} Qd6 {[%emt 0:00:05]} 23. Rab1 {[%emt 0:01:40]} Qa3 {[%emt 0:13:52]} 24. Ra1 {[%emt 0:03:25]} Qd6 {[%emt 0:07:47]} 25. Rab1 {[%emt 0:00:05]} Be8 {[%emt 0:00:50]} 26. bxa6 {[%emt 0:00:29]} bxa6 {[%emt 0:00:39]} 27. Rb6 {[%emt 0:03:58]} Qd7 {[%emt 0:00:39]} 28. Rbxe6 {[%emt 0:03:31]} Ba3 {[%emt 0:00:04]} 29. Bb4 {[%emt 0:05:50]} Bxb4 {[%emt 0:00:05]} 30. Qxb4 {[%emt 0:00:03]} Bxh5 {[%emt 0:00:12]} 31. Re7 {[%emt 0:02:31]} Qc6 {[%emt 0:00:45]} 32. Ne5 {[%emt 0:00:23]} Qc3 {[%emt 0:01:36]} 33. Qxc3 {[%emt 0:01:21]} Rxc3 {[%emt 0:00:06]} 34. Rb1 {[%emt 0:00:02]} Kh8 {[%emt 0:01:42]} 35. Rbb7 {[%emt 0:00:19]} Rg8 {[%emt 0:00:56]} 36. Nd7 {[%emt 0:02:52]} Rc6 {[%emt 0:03:01]} 37. Kh2 {[%emt 0:01:26]} f4 {[%emt 0:01:33]} 38. Ne5 {[%emt 0:00:46]} Rc2 {[%emt 0:01:34]} 39. f3 {[%emt 0:01:14]} Ra2 {[%emt 0:05:17]} 40. Rbd7 {[%emt 0:00:00]} Rxa4 {[%emt 0:00:00]} 41. Rxd5 {[%emt 0:03:20]} Ra2 {[%emt 0:06:49]} 42. Ra7 {[%emt 0:02:29]} Rd2 {[%emt 0:09:45]} 43. Rdd7 {[%emt 0:01:46]} Be8 {[%emt 0:00:25]} 44. Rd6 {[%emt 0:00:54]} Bh5 {[%emt 0:02:30]} 45. Kg1 {[%emt 0:03:13]} Rb8 {[%emt 0:02:32]} 46. Ng6+ {[%emt 0:00:21]} Bxg6 {[%emt 0:03:43]} 47. Rxg6 {[%emt 0:00:13]} Rb5 {[%emt 0:04:26]} 48. Re7 {[%emt 0:02:15]} a5 {[%emt 0:03:23]} 49. Re5 {[%emt 0:01:05]} Rxe5 {[%emt 0:00:31]} 50. dxe5 {[%emt 0:00:02]} Re2 {[%emt 0:00:01]} 51. Rg4 {[%emt 0:02:44]} g5 {[%emt 0:00:41]} 52. g3 {[%emt 0:00:31]} fxg3 {[%emt 0:00:09]} 53. f4 {[%emt 0:00:52]} gxf4 {[%emt 0:00:07]} 54. Rxf4 {[%emt 0:00:03]} Rxe5 {[%emt 0:00:05]} 55. Kg2 {[%emt 0:00:07]} Rg5 {[%emt 0:00:30]} 56. Rf7 {[%emt 0:00:30]} Kg8 {[%emt 0:00:35]} 57. Ra7 {[%emt 0:00:01]} h5 {[%emt 0:00:10]} 58. Kg1 {[%emt 0:00:00]} h4 {[%emt 0:00:09]} 59. Kg2 {[%emt 0:00:07]} h3+ {[%emt 0:00:32]} 0-1